000
00304nam a2200121Ia 4500
005
20251222144813.0
008
251222s9999||||xx |||||||||||||| ||spa||
082
_a
352.283.85/R36/Ej.2
100
_a
Reilly, Thomás K.
245
0
_a
Proceso de Descentralización 2008:
264
_b
USAID
942
_c
LIB
999
_c
20197
_d
20197